000 00832nam a2200229Ia 4500
003 GCL
005 20240530095448.0
008 140319s9999 xx 000 0 ara d
040 _aGCL /
_cGCL
082 0 4 _a307.768962
_bق/د م
100 1 _aداليا حسين الدرديرى
245 1 0 _aالمدن الجديدة وادارة التنمية العمرانية فى مصر /
_cداليا حسين الدرديرى
250 _aالاولى
260 _aالقاهرة :
_bمؤسسة الاهرام ،
_c2004
300 _a191 ص ؛
_c24 سم
490 _aكتاب الاهرام الاقتصادى
_v197
650 0 4 _aتخطيط المدن
650 0 4 _aتخطيط المدن - مصر
650 0 4 _aالمدن الجديدة - مصر
650 0 4 _aمصر - التنمية العمرانية
942 _2ddc
_cBK
999 _c7514
_d7514